[Event "Moscow op-A 13th"]
[Site "Moscow"]
[Date "2017.02.04"]
[Round "8"]
[White "Savenkov, Konstantin"]
[Black "Lagashin, Pavel"]
[Result "1/2-1/2"]
[WhiteElo "2365"]
[BlackElo "2207"]
[PlyCount "109"]
[EventDate "2017.01.28"]
[EventType "swiss"]
[EventRounds "9"]
[EventCountry "RUS"]
[SourceTitle "EXT 2018"]
[Source "ChessBase"]
[SourceDate "2017.10.13"]
[SourceVersion "1"]
[SourceVersionDate "2017.10.13"]
[SourceQuality "1"]

1. e4 c5 2. Nf3 e6 3. d3 g6 4. g3 Bg7 5. Bg2 Nc6 6. 0-0 Nge7 7. Re1 d6 8. c3 0-0 9. d4 cxd4 10. cxd4 Qb6 11. d5 Bxb2 12. Bxb2 Qxb2 13. dxc6 Qxa1 14. cxb7 Bxb7 15. Qb3 Bd5 16. exd5 Rab8 17. Qd3 Nxd5 18. Nbd2 Qxa2 19. Ng5 Rb2 20. Nde4 f5 21. Nxd6 Rxf2 22. Bf3 Rd2 23. Qc4 Qa5 24. Nb7 Rg2+ 25. Kxg2 Qxe1 26. Bxd5 Qd2+ 27. Kh3 exd5 28. Qh4 h5 29. Ne6 g5 30. Nxg5 Qe2 31. Qd4 Qg4+ 32. Qxg4 fxg4+ 33. Kh4 d4 34. Kxh5 Rf5 35. Nd6 Rf2 36. Kxg4 d3 37. Nge4 Rxh2 38. Kf3 d2 39. Nc3 d1Q+ 40. Nxd1 Rd2 41. Nb5 Rxd1 42. Nxa7 Kf7 43. Nc6 Ke6 44. Ke4 Re1+ 45. Kf4 Kd5 46. Nb4+ Kc4 47. Nc6 Rf1+ 48. Ke4 Re1+ 49. Kf4 Kd5 50. Nb4+ Kd6 51. Nd3 Re8 52. g4 Kd5 53. g5 Kd4 54. g6 Kxd3 55. Kf5 1/2-1/2